01063cam a22002771 4500001001300000003000400013005001700017008004100034010001700075035001800092040007600110042001200186050002700198051001600225082001200241100002900253245009300282260016400375300002300539410006500562490001700627500001600644650005200660810005600712999001700768hew66000063 DLC20260227111514.0740109s1966 dcu f000 0 eng c ahew66000063  a(OCoLC)773013 aU.S. Dept. of Health, Education, and Welfare. LibrarycOClUdOCoLCdDLC apremarc00aL111b.A6 1966, no. 12 aLB2342b.N2 a378.1021 aNance, Paul Kint,d1917-10aBusiness management practices in selected colleges and universitiesc[by] Paul K. Nance. a[Washington]bU.S. Dept. of Health, Education, and Welfare, Office of Education;b[for sale by the Superintendent. of Documents, U.S. Govt. Print. Off.,c1966] avi, 125 p.c24 cm.10aUnited States.bOffice of Education.tBulletin 1966,vno. 121 aCase studies a"OE 53025." 0aUniversities and collegesxBusiness management.1 aUnited States.bOffice of Education.tCase studies. c34609d34609